Mi campaña con el Che /
Guardado en:
| 主要作者: | |
|---|---|
| 格式: | 圖書 |
| 語言: | Spanish |
| 出版: |
México ;
Diogenes, S. A.,
1973.
|
| 版: | tercera edición. |
| 主題: | |
| 標簽: |
添加標簽
沒有標簽, 成為第一個標記此記錄!
|
MARC
| LEADER | 00000nam a22000007a 4500 | ||
|---|---|---|---|
| 008 | 180213b xxu||||| |||| 00| 0 spa d | ||
| 041 | 0 | |a spa | |
| 082 | 0 | 4 | |a 335.43b |b G939p3 |
| 100 | 1 | |a Peredo, Inti | |
| 245 | 1 | 0 | |a Mi campaña con el Che / |
| 250 | |a tercera edición. | ||
| 260 | 1 | |a México ; |b Diogenes, S. A., |c 1973. | |
| 300 | |a 118 páginas | ||
| 650 | 4 | |a BIOGRAFIA | |
| 650 | 4 | |a GUEVARA, ERNESTO (1928-1967) |z CUBA | |
| 650 | 4 | |a REVOLUCION | |
| 942 | |2 ddc |c BK | ||
| 999 | |c 21813 |d 21813 | ||
